000 01133nam a2200241Ia 4500
001 220.1-SCH jo as (2822)
003 IT-MiSPE
008 171229s9999||||xx |||||||||||||| ||und||
040 _aIT-MiSPE
_cIT-MiSPE
041 _aITALIANO
100 _aJosef Schreiner
240 _aAspekte heutiger Exegese: Die Bibel: Gottes-oder Menschenwort?
245 0 _aAspetti dell'odierna esegesi
_bLa Bibbia: parola di Dio o parola dell'uomo?
250 _a1a ed. (v)
260 _aRoma
_bEd. Paoline
_c1969
300 _a167 p.
_c18 cm
490 _aPunti scottanti di teologia
_v27
501 _aEdizioni San Paolo srl - Piazza Soncino, 5 - 20092 CINISELLO BALSAMO (MI) (non commercial uses only) ® Copyright 2018
700 _aMaria Teresa Petrozzi
_g(traduzione)
942 _cBK
957 _71
999 _a6963
_bNO
_g Copie: 1
_c337684
_d337684